| 000 | 00672nam a2200205Ia 4500 | ||
|---|---|---|---|
| 001 | 16973 | ||
| 003 | GE_BSU | ||
| 008 | 181216s||||||||xx |||||||||||||| ||und|| | ||
| 040 | _cGE_BSU | ||
| 080 | _a821.353.1-1 + 821.353.1-11 | ||
| 100 | _aგორგანელი, ვახტანგ | ||
| 245 | _aლექსები. პოემა | ||
| 245 | _cწინასიტყვ. მ. ლებანიძისა | ||
| 260 | _aთბილისი | ||
| 260 | _bსაბჭ. საქართველო | ||
| 260 | _c1973 | ||
| 300 | _a397გვ. : 1ფ. პორტრ. ; 17სმ. | ||
| 653 | _aლექსები. პოემა | ||
| 942 | _cBK | ||
| 999 |
_c50035 _d50035 |
||